00482 2200181 4500001002100000005001500021008004100036020001800077035001900095041000700114082000800121090001400129100001700143245008500160260001600245300002200261650001700283INLIS00000000000498020241224113020241224||||||||| | ||| |||| || |  a979-99006-9-7 0010-1224004980 aid0 a813 a813 BUD p0 aKris Budiman00aPelacur dan Pengantin Adalah Saya : Sastra Dalam Perspektif Semiotik dan Feminis bPinusc2005 a140 hlm.; 18,5 cm 0aKesusastraan